Statistics for WNBA Basketball Teams Quiz

Click here to take the quiz!

General Stats

  • This quiz has been taken 176 times
  • The average score is 9 of 12

Answer Stats

Eastern Conference% Correct
Las Vegas Aces
87%
New York Liberty
82%
Los Angeles Sparks
78%
Connecticut Sun
77%
Indiana Fever
76%
Seattle Storm
75%
Chicago Sky
72%
Phoenix Mercury
72%
Minnesota Lynx
71%
Washington Mystics
68%
Atlanta Dream
67%
Dallas Wings
61%

Score Distribution

Percentile by Number Answered

Percent of People with Each Score

Your Score History

You have not taken this quiz